000 02012nam0a2200397 4500
001 RU\NLR\BIBL_A\010722423
005 20250810070854.0
035 _a(NLR Aleph) 010722423
090 _a9828010
_c9828010
100 _a20150409d1944 u y0rusy50 ca
101 0 _arus
102 _aRU
105 _ay z 000zy
135 _acrbn 008apadp
200 1 _aПобеда Красной армии на Карельском перешейке
_e[сборник]
_fПолит. упр. Ленингр. фронта
_g[под наблюдением майора Н. Чукалина]
210 _aЛенинград
_cВоенное изд-во Народного комиссариата обороны
_d1944
215 _a[2], 62, [2] с.
_d16
225 1 _aСмерть немецким оккупантам!
325 _aКопия доступна в Электрон. б-ке РНБ
606 1 _aВыборгская операция
_jМатериалы для докладов
_z1944
_92536579
_3RU\NLR\AUTH\661502083
686 1 _aЦ35(2)722.421я9
702 1 _4570
_aЧукалин
_bН. П.
_cподполковник
_9143748
_3RU\NLR\AUTH\770143784
712 0 2 _4570
_aЛенинградский фронт
_bПолитическое управление
_c1941-1945
_9382139
_3RU\NLR\AUTH\880357288
852 _aNLR
_jВ10 Г-2/185
856 0 _uhttp://vivaldi.nlr.ru/ab000002511/view
856 1 _uhttp://vivaldi.nlr.ru/ab000002511/cover
856 2 _uhttp://vivaldi.nlr.ru/ab000002511/text
901 _eКнижные издания
942 _cBOOK
945 _aРоссийская национальная библиотека
980 _aNB
980 _aBV
981 3 7 _a(37) Ленинград в Великой Отечественной войне
_b(37) Книги блокадного Ленинграда
981 3 4 _a(34) Санкт-Петербург